000 00222nam a2200109Ia 4500
100 _aWorld Book Inc.
650 _aGeneral
942 _cBK
245 _aCELEBRATIONS
260 _bWORLD BOOK INC.
_c1990
546 _aENGLISH
999 _c24966
_d24966